000 01097nam a2200289 4500
001 0000013332
003 CO-CtgCURN
005 20250329191020.0
007 ta
008 160627s2001 000 0 eng d
020 _a95865545460
040 _aCO-CtgCURN
_bspa
_ccoctgcurn
082 0 _a779.4861
_bM65f
100 1 _aMolina Londoño, Luis Fernando.
245 1 0 _aFotografia de arquitectura en Medellin 1870-1960 /
_cLuis Fernando Molina Londoño.
260 _aBogotá :
_bUniversidad de Antioquia,
_c2001.
300 _a124 p.
336 _2rdacontent
337 _2rdamedia
_asin mediacion
_bn
338 _2rdacarrier
_avolumen
_bnc
504 _aBibliografia (p. 125)
505 8 _aAprender a fotografiar.--La representacion tridimensional.--Fotografia y arquitectura.--Los fotografos ante la arquitectura tradicional.--El culto a los palacios, hoteles, templos y fabricas
650 1 4 _aArquitectura colombiana
_xFotografias
_y1962-2006.
908 _a160627
942 _cBK
_h779.4861
_iM65f
_2ddc
999 _c11237
_d11237